000 00321nam a22001457a 4500
008 210518b ||||| |||| 00| 0 eng d
020 _a9780321867322
041 _aeng
080 _26th
_a510
082 _a510
100 _a36
101 _aMAT
245 _aThinking Mathematcally
_cRobert Blitzer
942 _2udc
_cBK
999 _c57397
_d57397